Logo BPK

Biblioteka

Politechniki Koszalińskiej

Fizika poluprovodnikov i metallov / (Rekord nr 17329)

Szczegóły MARC
000 -ETYKIETA REKORDU
podpole kontrolne o stałej długości 00534nam a2200181 i 4500
001 - NUMER KONTROLNY REKORDU
pole kontrolne bg
040 ## - ŹRÓDŁO KATALOGOWANIA
Instytucja, która utworzyła rekord BPK
041 ## - KOD JĘZYKA
Kod języka tekstu pol
080 ## - UNIWERSALNA KLASYFIKACJA DZIESIĘTNA - UKD
UKD 537.311.33
008 - POLE O STAŁEJ DŁUGOŚCI - DANE KONTROLNE
podpole kontrolne o stałej długości s pl f |000 0 pol
100 1# - NAZWA OSOBOWA
Nazwa osobowa Gorbačev, Vladimir Vasi~7levič.
245 #0 - TYTUŁ/ODPOWIEDZIALNOŚĆ
Tytuł Fizika poluprovodnikov i metallov /
Pozostałe elementy strefy tytułu i oznaczenia odpowiedzialności V[ladimir] V[asil] Gorbacev, L[arisa] G[rigor'evna] Spicyna.
260 ## - STREFA ADRESU WYDAWNICZEGO
Miejsce wydania Moskva :
Nazwa wydawcy/dystrybutora "Metallurgija",
Data publikacji, dystrybucji/powstania dokumentu 1976.
300 ## - STREFA OPISU FIZYCZNEGO
Objętość s. 367, nlb. 1 :
Inne cechy fizyczne rys.
500 ## - UWAGI OGÓLNE
Tekst uwagi [Alf. ros.].
700 1# - HASŁO DODATKOWE - NAZWA OSOBOWA
Nazwa osobowa Spicyna, Larisa Grigorevna.
942 ## - DODATKOWE ELEMENTY (KOHA)
Typ dokumentu Książka
Egzemplarze
Wycofany Status egzemplarza Uszkodzony Dostępność Lokalizacja stała Lokalizacja bieżąca Miejsce przechowywania Sygnatura Kod kreskowy Typ dokumentu
      Dostępny Biblioteka Politechniki Koszalińskiej Biblioteka Politechniki Koszalińskiej Wypożyczalnia BG 22050 01680089 Książka
© 2023 Biblioteka Politechniki Koszalińskiej :: KOHA